Statistics for All Countries M though R

Click here to take the quiz!

General Stats

  • This quiz has been taken 59 times
    (27 since last reset)
  • The average score is 35 of 43

Answer Stats

ContinentM% Correct
AsiaOman
94%
AsiaQatar
94%
AsiaMalaysia
89%
North
America
Mexico
89%
EuropeMonaco
89%
EuropeNetherlands
89%
North
America
Panama
89%
South
America
Paraguay
89%
EuropeRomania
89%
EuropeRussia
89%
AfricaRwanda
89%
AfricaMali
83%
OceaniaMarshall Islands
83%
AfricaMauritania
83%
AfricaMauritius
83%
EuropeMoldova
83%
AsiaMongolia
83%
AfricaMorocco
83%
AsiaMyanmar
83%
AfricaNamibia
83%
North
America
Nicaragua
83%
EuropeNorth Macedonia
83%
EuropeNorway
83%
AsiaPakistan
83%
South
America
Peru
83%
AsiaPhilippines
83%
EuropePoland
83%
EuropePortugal
83%
AfricaMadagascar
78%
AsiaMaldives
78%
EuropeMalta
78%
EuropeMontenegro
78%
OceaniaNauru
78%
OceaniaNew Zealand
78%
AfricaNiger
78%
AfricaNigeria
78%
AsiaNorth Korea
78%
OceaniaPalau
78%
OceaniaPapua New
Guinea
78%
AfricaMalawi
72%
AfricaMozambique
72%
AsiaNepal
67%
AfricaRepublic of
the Congo
50%

Score Distribution

Percentile by Number Answered

Percent of People with Each Score

Your Score History

You have not taken this quiz since the last reset